Statistics for Pakistan Cities Map Quiz

Click here to take the quiz!

General Stats

  • This quiz has been taken 2,170 times
  • The average score is 6 of 10

Answers on the Map

Answers color-coded by a green-red scale on the quiz's map according to % correct below.
 

Answer Stats

Answer% Correct
Karachi
82%
Islamabad
77%
Lahore
73%
Gilgit
66%
Peshawar
66%
Quetta
63%
Hyderabad
60%
Multan
54%
Faisalabad
51%
Turbat
47%

Score Distribution

Percentile by Number Answered

Percent of People with Each Score

Your Score History

You have not taken this quiz